Statistics for Dota 2 Heroes Ultimate

Click here to take the quiz!

General Stats

  • This quiz has been taken 534 times
    (335 since last reset)
  • The average score is 62 of 116

Answer Stats

HeroUltimate% Correct
EarthshakerEcho Slam
94%
DoomDoom
92%
PudgeDismember
86%
TidehunterRavage
86%
Legion CommanderDuel
85%
KunkkaGhostship
85%
Sand KingEpicenter
83%
TinyGrow
82%
MagnusReverse Polarity
82%
Faceless VoidChronosphere
81%
AxeCulling Blade
80%
SvenGod's Strength
80%
JuggernautOmnislash
79%
Wraith KingReincarnation
79%
BloodseekerRupture
79%
LifestealerInfest
78%
IoRelocate
77%
EnigmaBlack Hole
76%
Dragon KnightElder Dragon Form
76%
Bounty HunterTrack
76%
Anti-MageMana Void
74%
ClockwerkHookshot
73%
SniperAssassinate
72%
LionFinger of Death
72%
OmniknightGuardian Angel
70%
AlchemistChemical Rage
68%
Phantom AssassinCoup de Grace
67%
LunaEclipse
67%
SpectreHaunt
67%
LinaLaguna Blade
67%
TuskWalrus PUNCH!
67%
UrsaEnrage
65%
HuskarLife Break
64%
BeastmasterPrimal Roar
64%
Centaur WarrunnerStampede
64%
TinkerRearm
63%
ViperViper Strike
63%
Vengeful SpiritNether Swap
62%
Treant ProtectorOvergrowth
60%
Naga SirenSong of the Siren
60%
BrewmasterPrimal Split
59%
Shadow FiendRequiem of Souls
59%
TerrorbladeSunder
59%
AbaddonBorrowed Time
58%
GyrocopterCall Down
58%
PhoenixSupernova
58%
Drow RangerMarksmanship
56%
MiranaMoonlight Shadow
56%
MorphlingMorph
56%
MedusaStone Gaze
56%
WeaverTime Lapse
56%
TimbersawChakram
55%
PuckDream Coil
55%
Earth SpiritMagnetize
55%
Nyx AssassinVendetta
55%
Spirit BreakerNether Strike
54%
WindrangerFocus Fire
53%
Witch DoctorDeath Ward
52%
Chaos KnightPhantasm
52%
RazorEye of the Storm
51%
UndyingFlesh Golem
51%
SilencerGlobal Silence
51%
NecrophosReaper's Scythe
51%
BristlebackWarpath
51%
SlardarCorrosive Haze
50%
Phantom LancerJuxtapose
50%
VenomancerPoison Nova
50%
PugnaLife Drain
49%
Templar AssassinPsionic Trap
49%
Monkey KingWukong's Command
49%
Elder TitanEarth Splitter
48%
InvokerInvoke
48%
LichChain Frost
47%
Ember SpiritFire Remnant
47%
Shadow ShamanMass Serpent Ward
47%
LycanShapeshift
47%
ZeusThundergod's Wrath
47%
MeepoDivided We Stand
46%
Crystal MaidenFreezing Field
46%
BaneFiend's Grip
45%
Ogre MagiMulticast
45%
SlarkShadow Dance
45%
Queen of PainSonic Wave
44%
Storm SpiritBall Lightning
42%
Night StalkerDarkness
42%
Arc WardenTempest Double
41%
JakiroMacropyre
40%
PangolierRolling Thunder
40%
RubickSpell Steal
39%
Death ProphetExorcism
38%
BatriderFlaming Lasso
38%
Lone DruidTrue Form
37%
ClinkzDeath Pact
35%
ChenHand of God
35%
EnchantressImpetus
34%
RikiTricks of the Trade
34%
Ancient ApparitionIce Blast
32%
Troll WarlordBattle Trance
31%
Dark SeerWall of Replica
31%
UnderlordDark Rift
29%
BroodmotherInsatiable Hunger
29%
Nature's ProphetWrath of Nature
29%
Winter WyvernWinter's Curse
28%
LeshracPulse Nova
27%
DisruptorStatic Storm
27%
Outworld DevourerSanity's Eclipse
26%
OracleFalse Promise
25%
WarlockChaotic Offering
24%
DazzleWeave
24%
VisageSummon Familiars
23%
TechiesRemote Mines
22%
Keeper of the LightSpirit Form
21%
Dark WillowTerrorize / Bedlam
21%
Shadow DemonDemonic Purge
19%
Skywrath MageMystic Flare
15%
GrimstrokeSoulbind
14%

Score Distribution

Percentile by Number Answered

Percent of People with Each Score

Your Score History

You have not taken this quiz since the last reset